La teoría económica del desarrollo
Gardado en:
| Autor Principal: | |
|---|---|
| Formato: | Libro |
| Idioma: | Lingua castelá |
| Publicado: |
Buenos Aires
Amorrortu
1971
|
| Series: | Biblioteca de Economía Política
|
| Subjects: | |
| Tags: |
Engadir etiqueta
Sen Etiquetas, Sexa o primeiro en etiquetar este rexistro!
|
MARC
| LEADER | 00000nam a2200000 a 4500 | ||
|---|---|---|---|
| 001 | UCQ1216 | ||
| 003 | CL-VaPUC | ||
| 008 | 980709e19710000AG |||||||||||||||||spa|d | ||
| 082 | 0 | 4 | |a 338.9 |b HAG |2 21 |
| 100 | |a Hagen, Everett E |e author |9 414992 | ||
| 245 | 1 | 3 | |a La teoría económica del desarrollo |
| 300 | |a 493 p | ||
| 942 | |c BK | ||
| 945 | |d 19980709 00:00:00 |a crobeson | ||
| 260 | |a Buenos Aires |b Amorrortu |c 1971 | ||
| 650 | 0 | |a Desarrollo económico y social |9 256320 | |
| 650 | 0 | |a Crecimiento económico |9 314037 | |
| 650 | 0 | |a Distribución del ingreso |9 334288 | |
| 650 | 7 | |a OPERACIONES DE OBTENCION DE CAPITAL |2 CL-VaPUC |9 388773 | |
| 650 | 0 | |a Industrialización |9 263687 | |
| 650 | 0 | |a Factores de producción |9 365052 | |
| 650 | 0 | |a Inflación |9 257218 | |
| 650 | 0 | |a Política fiscal |9 317354 | |
| 650 | 7 | |a FINANCIAMIENTO |2 CL-VaPUC |9 358995 | |
| 650 | 0 | |a Planificación del desarrollo |9 326796 | |
| 583 | |a last modification |c 19980709 00:00:00 |k Rodrigo Vera | ||
| 490 | 0 | |a Biblioteca de Economía Política | |
| 999 | |c 272220 |d 272218 | ||
| 952 | |0 0 |1 0 |4 0 |6 338_900000000000000_HAG_1971 |7 0 |8 A |9 307105 |a BIBENE |b BIBENE |d 2019-11-20 |i 1432249 |o 338.9 HAG 1971 |p 1432249 |r 2025-01-15 |w 2019-11-20 |y BK |k ICO | ||
| 952 | |0 0 |1 0 |4 0 |6 338_900000000000000_HAG_1971 |7 0 |8 A |9 307106 |a BIBENE |b BIBENE |d 2019-11-20 |i 1432257 |o 338.9 HAG 1971 |p 1432257 |r 2025-01-15 |w 2019-11-20 |y BK |k ICO | ||
| 952 | |0 0 |1 0 |4 0 |6 338_900000000000000_HAG_1971 |7 0 |8 A |9 307107 |a BIBGIM |b BIBGIM |d 2019-11-20 |i 1432400 |o 338.9 HAG 1971 |p 1432400 |r 2025-01-15 |w 2019-11-20 |y BK |k SSL | ||